Euro 2012 Team of the Tournament - Statistics

General Stats
  • This quiz has been taken 631 times
  • The average score is 18 of 23
Answer Stats
Hint Answer % Correct
Italy - GK Gianluigi BUFFON
98%
Spain - GK Iker CASILLAS
95%
Germany - GK Manuel NEUER
95%
Portugal - MF/ST Cristiano RONALDO
94%
Spain - MF Andres INIESTA
93%
Spain - DF Sergio RAMOS
92%
Spain - MF XAVI Hernandez
92%
Sweden - ST Zlatan IBRAHIMOVIC
91%
Portugal- DF PEPE
89%
Italy - MF Andrea PIRLO
88%
Spain - DF Gerard PIQUE
88%
Germany - DF Philipp LAHM
85%
England - MF Steven GERRARD
78%
Italy - ST Mario BALOTELLI
75%
Spain - DF Jordi ALBA
74%
Spain - MF Sergio BUSQUETS
71%
Spain - MF/ST Cesc FABREGAS
68%
Germany - MF Mesut OZIL
63%
Spain - MF/ST David SILVA
61%
Spain - MF Xabi ALONSO
60%
Germany - MF Sami KHEDIRA
50%
Portugal - DF Fabio COENTRAO
46%
Italy - MF Daniele DE ROSSI
43%
No matching quizzes found
Score Distribution
Percent of People with Each Score
Percentile by Number Answered
Your Score History
You have not taken this quiz